| 000 | 00680 a2200253 4500 | ||
|---|---|---|---|
| 003 | Nust | ||
| 005 | 20170207154053.0 | ||
| 010 | _a 2009005775 | ||
| 020 | _a0816073899 | ||
| 020 | _a9780816073894 | ||
| 035 | _a(OCoLC)ocn305420002 | ||
| 040 | _cNust | ||
| 082 | 0 | 0 | _a516 |
| 100 | 1 | _aGorini, Catherine A. | |
| 245 | 1 | 4 |
_aThe Facts on File geometry handbook(E-BOOK) _cCatherine A. Gorini. |
| 246 | 3 | 0 | _aGeometry handbook |
| 250 | _aRev. ed. | ||
| 260 |
_aNew York, NY : _bFacts on File, _cc2009. |
||
| 300 |
_aix, 342 p. : _bill. ; _c25 cm. |
||
| 490 | 1 | _aFacts on File science library | |
| 650 | 0 | _aGeometry. | |
| 651 | _aE-BOOK | ||
| 830 | 0 | _aFacts on File science library. | |
| 942 |
_2ddc _cBK |
||
| 999 |
_c193187 _d193187 |
||